STRUCTURAL ANALYSIS SI UNITS / (Record no. 593770)
[ view plain ]
| 000 -LEADER | |
|---|---|
| fixed length control field | 00352nam a22001457a 4500 |
| 020 ## - INTERNATIONAL STANDARD BOOK NUMBER | |
| Qualifying information | PB. |
| 040 ## - CATALOGING SOURCE | |
| Transcribing agency | FIZZA ISHAQ |
| 082 ## - DEWEY DECIMAL CLASSIFICATION NUMBER | |
| Classification number | 624.171 |
| Author Mark | RCH |
| 100 ## - MAIN ENTRY--PERSONAL NAME | |
| Personal name | HIBBELER,C.R. |
| 9 (RLIN) | 110413 |
| 245 ## - TITLE STATEMENT | |
| Title | STRUCTURAL ANALYSIS SI UNITS / |
| Statement of responsibility, etc. | R.C HIBBELER. |
| 250 ## - EDITION STATEMENT | |
| Edition statement | 9TH ED. |
| 260 ## - PUBLICATION, DISTRIBUTION, ETC. | |
| Place of publication, distribution, etc. | NEW DELHI ; |
| Name of publisher, distributor, etc. | PEARSON, |
| Date of publication, distribution, etc. | 2018. |
| 300 ## - PHYSICAL DESCRIPTION | |
| Extent | 691 P. ; |
| 942 ## - ADDED ENTRY ELEMENTS (KOHA) | |
| Source of classification or shelving scheme | |
| Koha item type | Book |
| Withdrawn status | Lost status | Source of classification or shelving scheme | Damaged status | Not for loan | Permanent Location | Current Location | Date acquired | Full call number | Barcode | Date last seen | Copy number | Price effective from | Koha item type |
|---|---|---|---|---|---|---|---|---|---|---|---|---|---|
| NUST Baluchistan Campus (NBC) | NUST Baluchistan Campus (NBC) | 03/16/2023 | 624.171 HIB | Q-6396 | 03/16/2023 | 2 | 03/16/2023 | Book |
